<?xml version="1.0" encoding="UTF-8"?>
<record
    xmlns:xsi="http://www.w3.org/2001/XMLSchema-instance"
    xsi:schemaLocation="http://www.loc.gov/MARC21/slim http://www.loc.gov/standards/marcxml/schema/MARC21slim.xsd"
    xmlns="http://www.loc.gov/MARC21/slim">

  <leader>01314nam a2200205 a 4500</leader>
  <controlfield tag="008">161215t2004    spa |||g  ||| 000 f spa d</controlfield>
  <datafield tag="020" ind1=" " ind2=" ">
    <subfield code="a">9505119194</subfield>
  </datafield>
  <datafield tag="041" ind1=" " ind2=" ">
    <subfield code="a">spa</subfield>
  </datafield>
  <datafield tag="092" ind1=" " ind2=" ">
    <subfield code="c">808.8</subfield>
    <subfield code="l">75</subfield>
    <subfield code="s">ROS</subfield>
  </datafield>
  <datafield tag="100" ind1="1" ind2=" ">
    <subfield code="a">Rosencof, Mauricio</subfield>
    <subfield code="9">3101</subfield>
  </datafield>
  <datafield tag="245" ind1="4" ind2=" ">
    <subfield code="a">Las cartas que no llegaron /</subfield>
    <subfield code="c">Mauricio Rosencof</subfield>
  </datafield>
  <datafield tag="250" ind1=" " ind2=" ">
    <subfield code="a">1a ed.</subfield>
  </datafield>
  <datafield tag="260" ind1=" " ind2=" ">
    <subfield code="a">Buenos Aires:</subfield>
    <subfield code="b">Alfaguara;</subfield>
    <subfield code="c">2004.</subfield>
  </datafield>
  <datafield tag="300" ind1=" " ind2=" ">
    <subfield code="a">166 p.</subfield>
  </datafield>
  <datafield tag="500" ind1=" " ind2=" ">
    <subfield code="a">Rosencof, M. (2004). Las cartas que no llegaron. (1a ed.). Buenos Aires : Alfaguara.</subfield>
  </datafield>
  <datafield tag="505" ind1=" " ind2=" ">
    <subfield code="a">Desde los campos de concentraci&#xF3;n nazis a la celdas de tortura de la dictadura uruguaya, retazos estremecedores de la historia de una familia, en testimonios de un ni&#xF1;o, un joven, un hombre: una sola memoria para narrar realidades que empalidecen a la ficci&#xF3;n. El autor lleva a cabo una profunda reflexi&#xF3;n sobre su vida y la de los suyos ajustando los eslabones generacionales entre quienes lo precedieron y quienes lo suceder&#xE1;n. En un mundo convulsionado por guerras y separaciones, hay v&#xED;nculos que se preservan empecinadamente; por eso adquieren un valor supremo las catas, mensajeras del &#xE1;nimo, el afecto y el alivio para soledades y tristezas...aun aquellas que no se escribieron.</subfield>
  </datafield>
  <datafield tag="590" ind1=" " ind2=" ">
    <subfield code="a">Donaci&#xF3;n Carozzi, Norma Aida. Proyecto 4to libro</subfield>
  </datafield>
  <datafield tag="655" ind1=" " ind2=" ">
    <subfield code="a">Novela</subfield>
    <subfield code="9">3091</subfield>
  </datafield>
  <datafield tag="942" ind1=" " ind2=" ">
    <subfield code="2">ddc</subfield>
    <subfield code="c">LIT</subfield>
  </datafield>
  <datafield tag="999" ind1=" " ind2=" ">
    <subfield code="c">2286</subfield>
    <subfield code="d">2286</subfield>
  </datafield>
  <datafield tag="952" ind1=" " ind2=" ">
    <subfield code="0">0</subfield>
    <subfield code="1">0</subfield>
    <subfield code="2">ddc</subfield>
    <subfield code="4">0</subfield>
    <subfield code="7">0</subfield>
    <subfield code="8">FIC</subfield>
    <subfield code="a">BFM</subfield>
    <subfield code="b">BFM</subfield>
    <subfield code="c">CR</subfield>
    <subfield code="d">2017-02-20</subfield>
    <subfield code="e">Donaci&#xF3;n Carozzi, Norma. 2016</subfield>
    <subfield code="l">0</subfield>
    <subfield code="o">808.8 75 ROS</subfield>
    <subfield code="p">3743</subfield>
    <subfield code="r">2017-02-20</subfield>
    <subfield code="t">Ej.1</subfield>
    <subfield code="w">2017-02-20</subfield>
    <subfield code="y">LIT</subfield>
    <subfield code="z">Proyecto 4to libro. Donaci&#xF3;n Carozzi Norma</subfield>
  </datafield>
</record>
